Anime by bad description - Statistics

General Stats
  • This quiz has been taken 102 times
  • The average score is 8 of 20
Answer Stats
Hint Answer % Correct
armor and brother go on an adventure Fullmetal Alchemist
88%
erwin... pee pee Attack on Titan
85%
dumbass and co. look for money One Piece
80%
furry and domestic violence chase dick Naruto
78%
pedo clown simps for goku copy Hunter x Hunter
74%
broke space people Cowboy Bebop
55%
boar, pussy, and waterboy save a girl Demon Slayer
45%
powerscaling benchmark Dragon Ball Z
43%
sharingan, robots, and daddy issues Code Geass
33%
more extensive planning Death Note
33%
Japanese Mike Tyson Hajime No Ippo
31%
extensive planning Bleach
23%
broke guy with a perm saves world Gintama
18%
zoro, samurai, and girl look for flowerboy Samurai Champloo
18%
less wholesome farming Promised Neverland
16%
'hE cAn bEaT gOkU' Saiki K
16%
Cannibal becomes even more of a cannibal Jujutsu Kaisen
15%
emo tries to kill his captain Vinland Saga
15%
simp vampire starts war Castlevania
5%
asexual overrated god The Time I Got Reincarnated As A Slime
3%
No matching quizzes found
Score Distribution
Percent of People with Each Score
Percentile by Number Answered
Your Score History
You have not taken this quiz